00878cam a22002411 450000100060000000300080000600500170001400800410003103500190007203500190009104000380011004100080014808200210015610000440017724501120022126000390033330000290037249000350040150400510043665100450048765100480053270000560058024770BD-RjUL20211209001109.0140315s1929 enk 001 0 eng d a(BD-RjUL)24839 a(OCoLC)1534295 aDLCcFJdOCoLCdDLCdBD-RjULbeng aeng00a944.06bLUR 19291 aLucas-Dubreton, J.q(Jean),d1883-1972.14aThe restoration and the July monarchy /cby J. Lucas-Dubreton. Translated from the French by E. F. Buckley. aLondon :bW. Heinemann ltd.,c1929 av, 380, [2] p. ;c23 cm.0 aThe national history of France aBibliography at end of each chapter. and Index 0aFrancexHistoryyRestoration, 1814-1830. 0aFrancexHistoryyLouis Philippe, 1830-1848.1 aBuckley, E. F.q(Elsie Finnimore),d1882-1959,etr.